Antología poética / (Record no. 82235)

MARC details
000 -LEADER
campo de control de longitud fija 00828nam a2200253 i 4500
001 - NÚMERO DE CONTROL
campo de control 82235
003 - IDENTIFICADOR DE NÚMERO DE CONTROL
campo de control ES-MaACL
005 - FECHA Y HORA DE LA ÚLTIMA TRANSACCIÓN
campo de control 20260525062928.0
007 - CAMPO FIJO DE DESCRIPCIÓN FÍSICA--INFORMACIÓN GENERAL
campo de control de longitud fija t|
008 - DATOS DE LONGITUD FIJA--INFORMACIÓN GENERAL
campo de control de longitud fija 041202s2003 sp ||||1| spa d
020 ## - NÚMERO INTERNACIONAL ESTÁNDAR DEL LIBRO
Número Internacional Estándar del Libro 84-670-0482-7
080 ## - NÚMERO DE LA CLASIFICACIÓN DECIMAL UNIVERSAL
Número de la Clasificación Decimal Universal 821.134.2-14"19"
100 1# - ENTRADA PRINCIPAL--NOMBRE DE PERSONA
Nombre de persona Alberti, Rafael,
Fechas asociadas al nombre 1902-1999
9 (RLIN) 240174
245 10 - MENCIÓN DEL TÍTULO
Título Antología poética /
Mención de responsabilidad, etc. Rafael Alberti ; selección y edición, Jaime Siles ; apéndice, Juan Francisco Peña.
260 ## - PUBLICACIÓN, DISTRIBUCIÓN, ETC.
Lugar de publicación, distribución, etc. Madrid :
Nombre del editor, distribuidor, etc. Espasa Calpe,
Fecha de publicación, distribución, etc. [2003]
300 ## - DESCRIPCIÓN FÍSICA
Extensión LXXXVIII, 492 p. ;
Dimensiones 18 cm.
490 1# - MENCIÓN DE SERIE
Mención de serie Colección austral ;
Designación de volumen o secuencia 278
504 ## - NOTA DE BIBLIOGRAFÍA, ETC.
Nota de bibliografía, etc. Bibliografía: p. [LVXXXVII]-LXXXV.
700 1# - ENTRADA AGREGADA--NOMBRE PERSONAL
Nombre de persona Siles, Jaime,
Fechas asociadas al nombre 1951-
9 (RLIN) 106338
700 1# - ENTRADA AGREGADA--NOMBRE PERSONAL
Nombre de persona Peña, J. Francisco
9 (RLIN) 90224
830 1# - PUNTO DE ACCESO ADICIONAL DE SERIE-TÍTULO UNIFORME
Título uniforme Colección austral
Designación de volumen o secuencia 278
9 (RLIN) 177655
852 4# - LOCALIZACIÓN
Ubicación ES-MaACL
Número de control de estantería L-28572
Holdings
Estatus retirado Estado de pérdida Estado de daño No para préstamo Biblioteca de origen Biblioteca actual Ubicación en estantería Fecha de adquisición Fuente de adquisición Total de préstamos Signatura topográfica completa Código de barras Visto por última vez Precio de reemplazo Tipo de ítem Koha
        Biblioteca del Ateneo de Madrid Biblioteca del Ateneo de Madrid Depósito 2 17/01/2008     L-28572 1085947 23/02/2023 23/02/2023 Libro impreso